[Event "World Open"]
[Site "Arlington, VA"]
[Date "2013.07.07"]
[Round "8.5"]
[White "Shankland, Sam"]
[Black "Shulman, Yury"]
[Result "1/2-1/2"]
[WhiteElo "2601"]
[BlackElo "2542"]
[PlyCount "27"]
[EventDate "2013.07.??"]
[EventType "swiss"]
[EventRounds "9"]
[EventCountry "USA"]

1. d4 Nf6 2. c4 e6 3. Nf3 Bb4+ 4. Bd2 c5 5. Bxb4 cxb4 6. g3 O-O 7. Bg2 d6 8.
O-O a5 9. a3 Na6 10. Nbd2 Qc7 11. axb4 Nxb4 12. Rc1 b6 13. Ne1 Bb7 14. Bxb7
1/2-1/2

[Event "World Open"]
[Site "Arlington, VA"]
[Date "2013.07.07"]
[Round "8.6"]
[White "Fishbein, Alexander"]
[Black "Panchanathan, Magesh"]
[Result "1/2-1/2"]
[WhiteElo "2504"]
[BlackElo "2583"]
[PlyCount "66"]
[EventDate "2013.07.??"]
[EventType "swiss"]
[EventRounds "9"]
[EventCountry "USA"]

1. e4 e5 2. Nf3 Nc6 3. Bb5 a6 4. Ba4 Nf6 5. O-O Be7 6. Re1 b5 7. Bb3 d6 8. c3
O-O 9. d4 Bg4 10. Be3 Na5 11. dxe5 dxe5 12. Qxd8 Raxd8 13. Nxe5 Bd6 14. f4 Bxe5
15. fxe5 Nd7 16. h3 Be6 17. Bxe6 fxe6 18. Bg5 Rb8 19. b3 Nc6 20. Na3 h6 21. Bh4
Nc5 22. Nc2 Rf4 23. Nd4 Nxd4 24. cxd4 Rxh4 25. dxc5 Rd8 26. Rad1 Rxd1 27. Rxd1
Rxe4 28. Rd8+ Kh7 29. Rc8 Rxe5 30. Rxc7 Re1+ 31. Kh2 Ra1 32. Rc6 Rxa2 33. Rxe6
Rb2 1/2-1/2

[Event "World Open"]
[Site "Arlington, VA"]
[Date "2013.07.07"]
[Round "8.9"]
[White "Yang, Darwin"]
[Black "Robson, Ray"]
[Result "1/2-1/2"]
[WhiteElo "2485"]
[BlackElo "2628"]
[PlyCount "105"]
[EventDate "2013.07.??"]
[EventType "swiss"]
[EventRounds "9"]
[EventCountry "USA"]

1. d4 d5 2. c4 c6 3. Nf3 Nf6 4. e3 a6 5. Nc3 b5 6. c5 Bg4 7. Qb3 Nbd7 8. a4 e5
9. Qa3 b4 10. Qxb4 Rb8 11. Qa3 a5 12. Be2 Ne4 13. Nd2 Ndxc5 14. dxc5 Nxc5 15.
Qa2 Bxe2 16. Kxe2 e4 17. b3 f5 18. Ba3 Nd3 19. Bxf8 Rxf8 20. Rad1 Qb6 21. Kf1
Rb7 22. g3 g5 23. Kg2 f4 24. Rhf1 fxe3 25. Ndxe4 dxe4 26. Nxe4 Qd4 27. Qe2
Qxe4+ 28. f3 Nf4+ 29. gxf4 Qxf4 30. Qc2 Rf6 31. Qd3 Re7 32. Qd8+ Kf7 33. Rd7
Rxd7 34. Qxd7+ Kg6 35. Qd3+ Kh6 36. Qe2 Rd6 37. Rd1 Rxd1 38. Qxd1 Qe5 39. Qd8
Qe6 40. h4 gxh4 41. Qxh4+ Kg7 42. Kf1 Qxb3 43. Qe7+ Kg6 44. Qe4+ Kf7 45. Qxh7+
Kf8 46. Qf5+ Ke7 47. Qe4+ Kd6 48. Ke2 c5 49. Qg6+ Kc7 50. Qg7+ Kc6 51. Qf6+ Kd7
52. Qf5+ Kd6 53. Qf6+ 1/2-1/2

[Event "World Open"]
[Site "Arlington, VA"]
[Date "2013.07.07"]
[Round "8.10"]
[White "Kacheishvili, Giorgi"]
[Black "Krush, Irina"]
[Result "1/2-1/2"]
[WhiteElo "2588"]
[BlackElo "2480"]
[PlyCount "70"]
[EventDate "2013.07.??"]
[EventType "swiss"]
[EventRounds "9"]
[EventCountry "USA"]

1. c4 e5 2. Nc3 Nc6 3. Nf3 Nf6 4. a3 g6 5. e3 Bg7 6. Qc2 O-O 7. Be2 d5 8. cxd5
Nxd5 9. O-O b6 10. d3 Bb7 11. Bd2 Nce7 12. b4 Rc8 13. Rac1 c5 14. Qb3 Qd7 15.
Rfd1 h6 16. bxc5 Rxc5 17. Ne4 Rxc1 18. Rxc1 Rc8 19. Rxc8+ Bxc8 20. Bc1 Qc7 21.
Bb2 Be6 22. Qc4 Nc6 23. Qc1 f6 24. Ned2 Na5 25. Qxc7 Nxc7 26. d4 exd4 27. Nxd4
f5 28. Nxe6 Nxe6 29. Bc1 Nc5 30. Kf1 Kf8 31. Ke1 Nab3 32. Nxb3 Nxb3 33. Kd1 Ke7
34. a4 Nxc1 35. Kxc1 Be5 1/2-1/2

[Event "World Open"]
[Site "Arlington, VA"]
[Date "2013.07.07"]
[Round "8.11"]
[White "Wang, Kevin"]
[Black "Ramirez, Alejandro"]
[Result "0-1"]
[WhiteElo "2297"]
[BlackElo "2583"]
[PlyCount "90"]
[EventDate "2013.07.??"]
[EventType "swiss"]
[EventRounds "9"]
[EventCountry "USA"]

1. e4 c5 2. c3 d5 3. exd5 Qxd5 4. d4 Nc6 5. Nf3 Bf5 6. Be3 Nf6 7. Qa4 cxd4 8.
Bc4 Qa5 9. Qxa5 Nxa5 10. Bb5+ Bd7 11. Bxd7+ Nxd7 12. Bxd4 Nc6 13. O-O e5 14.
Re1 O-O-O 15. Be3 f5 16. g3 Bc5 17. b4 Bxe3 18. fxe3 Nf6 19. Nbd2 Rd3 20. Nc4
Rxc3 21. Nfxe5 Nxe5 22. Nxe5 Re8 23. Rac1 Rxc1 24. Rxc1+ Kb8 25. Rc5 b6 26.
Nc6+ Kb7 27. Rc2 Rxe3 28. Nd8+ Kb8 29. Nc6+ Kb7 30. Nd8+ Ka6 31. Rc7 Re1+ 32.
Kf2 Ra1 33. Nc6 Rxa2+ 34. Kg1 Ra1+ 35. Kg2 Ra2+ 36. Kg1 Kb5 37. Nxa7+ Kxb4 38.
Rxg7 Kc5 39. Rf7 Nd5 40. Rxh7 b5 41. h4 b4 42. Rb7 Kc4 43. Nc6 b3 44. h5 b2 45.
h6 Nf6 0-1

[Event "World Open"]
[Site "Arlington, VA"]
[Date "2013.07.07"]
[Round "8.12"]
[White "Mikhalevski, Victor"]
[Black "Cornejo, Max"]
[Result "1-0"]
[WhiteElo "2552"]
[BlackElo "2395"]
[PlyCount "84"]
[EventDate "2013.07.??"]
[EventType "swiss"]
[EventRounds "9"]
[EventCountry "USA"]

1. Nf3 d5 2. c4 e6 3. g3 Nf6 4. Bg2 Be7 5. O-O O-O 6. b3 c5 7. e3 b6 8. Bb2 Bb7
9. Nc3 Nbd7 10. Qe2 Rc8 11. Rac1 Re8 12. Rfd1 Ba6 13. Nb5 Bxb5 14. cxb5 Ne4 15.
d4 Bf6 16. Ne5 Bxe5 17. dxe5 f5 18. exf6 Ndxf6 19. g4 Qe7 20. f3 Ng5 21. h4 Nf7
22. Bh3 Nd7 23. Qe1 c4 24. Qg3 cxb3 25. axb3 Qb4 26. g5 Qxb3 27. Bd4 Nf8 28.
Rb1 Qc2 29. h5 Qc7 30. Qg2 Qc2 31. Qg3 Qc7 32. f4 Nd6 33. h6 g6 34. Qe1 Qd7 35.
Qe2 Ne4 36. Qb2 Qe7 37. Rbc1 Rxc1 38. Qxc1 Nxg5 39. fxg5 e5 40. Ba1 Qxg5+ 41.
Bg2 Ne6 42. Rxd5 Nd4 1-0

[Event "World Open"]
[Site "Arlington, VA"]
[Date "2013.07.07"]
[Round "8.13"]
[White "Arnold, Marc"]
[Black "Mandizha, Farai"]
[Result "1-0"]
[WhiteElo "2525"]
[BlackElo "2390"]
[PlyCount "55"]
[EventDate "2013.07.??"]
[EventType "swiss"]
[EventRounds "9"]
[EventCountry "USA"]

1. d4 Nf6 2. Nf3 e6 3. c4 d5 4. Nc3 Bb4 5. Bg5 Nbd7 6. e3 c5 7. cxd5 exd5 8.
Bd3 Bxc3+ 9. bxc3 Qa5 10. Qc2 O-O 11. O-O c4 12. Bf5 g6 13. Bxd7 Nxd7 14. e4 f6
15. Bh6 Re8 16. Rfe1 Nb6 17. e5 Bf5 18. Qb2 fxe5 19. Nxe5 Re7 20. g4 Be6 21.
Re3 Bd7 22. Nc6 bxc6 23. Rxe7 Bxg4 24. Rae1 Qa4 25. Qd2 Nd7 26. Qf4 Bf5 27.
Rg7+ Kh8 28. Rxd7 1-0

[Event "World Open"]
[Site "Arlington, VA"]
[Date "2013.07.07"]
[Round "8.14"]
[White "Molner, Mackenzie"]
[Black "Harmon Vellotti, Luke"]
[Result "1/2-1/2"]
[WhiteElo "2501"]
[BlackElo "2469"]
[PlyCount "103"]
[EventDate "2013.07.??"]
[EventType "swiss"]
[EventRounds "9"]
[EventCountry "USA"]

1. d4 Nf6 2. c4 e6 3. Nf3 b6 4. g3 Bb7 5. Bg2 Be7 6. O-O O-O 7. Re1 c5 8. d5
exd5 9. Nh4 Ne4 10. cxd5 Bxh4 11. Bxe4 Bf6 12. Nc3 d6 13. Bf4 a6 14. Qc2 g6 15.
a4 Qc7 16. Bg2 Nd7 17. Ne4 Be5 18. Bxe5 Nxe5 19. f4 Nd7 20. Rad1 Rae8 21. b4 a5
22. b5 c4 23. Rd4 Rc8 24. Qc3 Rfe8 25. e3 f5 26. Nd2 Nf6 27. Qxc4 Qf7 28. Qd3
Rc5 29. e4 Bxd5 30. Rd1 fxe4 31. Nxe4 Bxe4 32. Bxe4 Nxe4 33. Rxe4 Rxe4 34. Qxe4
Rc4 35. Qa8+ Kg7 36. Qd8 Qe6 37. Qxb6 Qe2 38. Rf1 Rc2 39. Qd4+ Kh6 40. Rf2 Qe1+
41. Kg2 Rxf2+ 42. Qxf2 Qe4+ 43. Kh3 Qxa4 44. Qb2 Qd1 45. Qf6 Qh5+ 46. Qh4 Qxh4+
47. Kxh4 a4 48. b6 a3 49. b7 a2 50. b8=Q a1=Q 51. Qxd6 Qf6+ 52. Qxf6 1/2-1/2

[Event "World Open"]
[Site "Arlington, VA"]
[Date "2013.07.07"]
[Round "8.16"]
[White "Vioreanu, Bogdan"]
[Black "Kekelidze, Mikheil"]
[Result "1-0"]
[WhiteElo "2404"]
[BlackElo "2494"]
[PlyCount "108"]
[EventDate "2013.07.??"]
[EventType "swiss"]
[EventRounds "9"]
[EventCountry "USA"]

1. d4 d5 2. c4 e6 3. Nc3 Bb4 4. cxd5 exd5 5. a3 Bxc3+ 6. bxc3 Ne7 7. g3 c5 8.
Bg2 Qa5 9. Bd2 c4 10. f3 Nd7 11. e4 Nb6 12. Ne2 Bd7 13. O-O O-O 14. Bf4 Rfe8
15. Qd2 Na4 16. h4 dxe4 17. fxe4 Bg4 18. Rac1 Nd5 19. Be5 Bxe2 20. Qxe2 Rxe5
21. dxe5 Qc5+ 22. Qf2 Nc7 23. Rfd1 Qxf2+ 24. Kxf2 Nb2 25. Bf1 Nxd1+ 26. Rxd1 b5
27. Rd7 Ne6 28. Ke3 Kf8 29. Bh3 a5 30. Bxe6 fxe6 31. Kd4 Rb8 32. Kc5 b4 33.
axb4 axb4 34. cxb4 c3 35. Rd1 Rc8+ 36. Kb6 Ke7 37. Rc1 c2 38. Kb5 h5 39. Ka4
Rc3 40. b5 Kd7 41. Kb4 Rc8 42. Kb3 Rc5 43. Kb4 Rc8 44. b6 Rc6 45. Kb5 Rc3 46.
Kb4 Rc8 47. Kb3 Rc6 48. Rxc2 Rxb6+ 49. Kc4 Rb7 50. Ra2 Ke7 51. Kd4 Rb3 52. Ra7+
Kf8 53. Kc5 Rd3 54. Kc6 Rxg3 1-0

[Event "World Open"]
[Site "Arlington, VA"]
[Date "2013.07.07"]
[Round "8.17"]
[White "Amanov, Mesgen"]
[Black "Neimer, Vitaly"]
[Result "0-1"]
[WhiteElo "2484"]
[BlackElo "2393"]
[PlyCount "110"]
[EventDate "2013.07.??"]
[EventType "swiss"]
[EventRounds "9"]
[EventCountry "USA"]

1. d4 Nf6 2. c4 e6 3. Nf3 b6 4. g3 Ba6 5. Qc2 Bb4+ 6. Bd2 Bxd2+ 7. Nbxd2 Bb7 8.
Bg2 d6 9. O-O Qe7 10. b4 O-O 11. c5 a5 12. a3 axb4 13. axb4 Na6 14. Rab1 Nd5
15. b5 Nab4 16. cxd6 cxd6 17. Qb3 f5 18. Nc4 Na2 19. Rb2 Nac3 20. Rc2 Qc7 21.
Ng5 Rfc8 22. Ne3 Qe7 23. Nxf5 Qxg5 24. Nxd6 Qe7 25. Nxc8 Rxc8 26. e4 Qb4 27.
Qxb4 Nxb4 28. Rb2 Rc4 29. d5 exd5 30. exd5 Bxd5 31. Bxd5+ Nbxd5 32. Re1 Rc5 33.
Re6 Nxb5 34. Re5 Nbc7 35. Kg2 b5 36. Ree2 b4 37. h4 Kf7 38. Red2 Ke6 39. h5 Kf5
40. Rd4 Ne6 41. Rh4 Rc3 42. Rd2 Rc5 43. Rh1 h6 44. Re1 Rb5 45. f4 Ndc7 46. Kf3
b3 47. g4+ Kf6 48. f5 Ng5+ 49. Kg3 Nd5 50. Rb2 Rb4 51. Reb1 Ne4+ 52. Kf3 Ndc3
53. Rc1 Ke5 54. Ke3 Na4 55. Rbb1 Nec3 0-1

[Event "World Open"]
[Site "Arlington, VA"]
[Date "2013.07.07"]
[Round "8.18"]
[White "Troff, Kayden"]
[Black "Getz, Alec"]
[Result "1/2-1/2"]
[WhiteElo "2427"]
[BlackElo "2332"]
[PlyCount "69"]
[EventDate "2013.07.??"]
[EventType "swiss"]
[EventRounds "9"]
[EventCountry "USA"]

1. d4 Nf6 2. c4 e6 3. g3 d5 4. Nf3 Bb4+ 5. Bd2 Be7 6. Bg2 O-O 7. O-O c6 8. Qb3
Nbd7 9. Bf4 Nh5 10. Be3 Nhf6 11. Nc3 a5 12. cxd5 exd5 13. Bf4 Nh5 14. Bd2 Nhf6
15. Rfe1 Ne4 16. Rad1 Nxd2 17. Nxd2 Qb6 18. Qxb6 Nxb6 19. e4 dxe4 20. Ndxe4 Bg4
21. f3 Be6 22. Nc5 Bxc5 23. dxc5 Nd5 24. Na4 Nb4 25. a3 Nc2 26. Re2 Rad8 27.
Rd6 Nd4 28. Rd2 Rxd6 29. cxd6 Nb3 30. Rd1 Rd8 31. f4 Bg4 32. Rd3 Nc1 33. Rd2
Nb3 34. Rd3 Nc1 35. Rd2 1/2-1/2

[Event "World Open"]
[Site "Arlington, VA"]
[Date "2013.07.07"]
[Round "8.19"]
[White "Gu, Christopher"]
[Black "Cheng, Bindi"]
[Result "1/2-1/2"]
[WhiteElo "2264"]
[BlackElo "2406"]
[PlyCount "94"]
[EventDate "2013.07.??"]
[EventType "swiss"]
[EventRounds "9"]
[EventCountry "USA"]

1. d4 Nf6 2. c4 g6 3. Nc3 d5 4. cxd5 Nxd5 5. e4 Nxc3 6. bxc3 Bg7 7. Nf3 c5 8.
Be3 O-O 9. Qd2 Qa5 10. Rc1 e6 11. Bh6 Rd8 12. h4 cxd4 13. Bxg7 Kxg7 14. cxd4
Qxd2+ 15. Kxd2 Nc6 16. Ke3 Bd7 17. h5 f6 18. h6+ Kf7 19. Bc4 Rac8 20. e5 Ne7
21. g4 Bc6 22. exf6 Kxf6 23. g5+ Kf7 24. Ne5+ Kf8 25. Bxe6 Bxh1 26. Bxc8 Bd5
27. Bg4 Bxa2 28. Ra1 Nd5+ 29. Kd2 Nb4 30. Kc3 a5 31. f4 b5 32. Nd7+ Kf7 33. Nf6
Rd6 34. Bd7 Nd5+ 35. Nxd5 b4+ 36. Nxb4 axb4+ 37. Kxb4 Rxd7 38. Rxa2 Rxd4+ 39.
Kc5 Rxf4 40. Kd6 Rd4+ 41. Ke5 Rd7 42. Ra8 Rb7 43. Ra5 Ke7 44. Rc5 Ra7 45. Rb5
Rc7 46. Kd5 Rd7+ 47. Ke5 Ra7 1/2-1/2

[Event "World Open"]
[Site "Arlington, VA"]
[Date "2013.07.07"]
[Round "8.21"]
[White "Thavandiran, Shiyam"]
[Black "Hossain, Enamul"]
[Result "1/2-1/2"]
[WhiteElo "2338"]
[BlackElo "2487"]
[PlyCount "77"]
[EventDate "2013.07.??"]
[EventType "swiss"]
[EventRounds "9"]
[EventCountry "USA"]

1. e4 c5 2. c3 d5 3. exd5 Qxd5 4. d4 g6 5. Nf3 Bg7 6. Be2 cxd4 7. cxd4 Nf6 8.
Nc3 Qa5 9. O-O O-O 10. Qb3 Nbd7 11. Qc4 Qd8 12. Ne5 Nb6 13. Qc5 Be6 14. Bf3
Nfd5 15. Rd1 Rc8 16. Qa5 a6 17. Bd2 Rc7 18. Rac1 Bxe5 19. Bxd5 Nxd5 20. dxe5
Nxc3 21. Bxc3 Rd7 22. Qxd8 Rfxd8 23. Rxd7 Rxd7 24. a3 g5 25. f3 b6 26. Kf2 h5
27. Ke3 Bc4 28. h4 g4 29. Kf4 gxf3 30. gxf3 Kh7 31. Rg1 Rd3 32. Ke4 Rd8 33. f4
Bd3+ 34. Ke3 Bg6 35. Bd4 Rc8 36. Bc3 Rd8 37. Bd4 Rc8 38. Bc3 Rd8 39. Bd4
1/2-1/2

[Event "World Open"]
[Site "Arlington, VA"]
[Date "2013.07.07"]
[Round "8.22"]
[White "Gerzhoy, Leonid"]
[Black "Balasubramanian, Adithya"]
[Result "1-0"]
[WhiteElo "2469"]
[BlackElo "2298"]
[PlyCount "59"]
[EventDate "2013.07.??"]
[EventType "swiss"]
[EventRounds "9"]
[EventCountry "USA"]

1. Nf3 Nf6 2. c4 g6 3. Nc3 d5 4. cxd5 Nxd5 5. Qa4+ Bd7 6. Qh4 Nxc3 7. dxc3 Nc6
8. e4 Bg7 9. Bh6 Bf6 10. Qg3 e5 11. Be2 Qe7 12. O-O O-O-O 13. b4 Rhg8 14. h4
Rde8 15. Rfd1 Bg7 16. Be3 f5 17. Bc5 Qf6 18. Bc4 f4 19. Qh2 Be6 20. Bxe6+ Qxe6
21. b5 Na5 22. Ng5 Qc4 23. Qh3+ Kb8 24. Bb4 Qxb5 25. Rd5 Qc4 26. Rxa5 b6 27.
Rd5 h6 28. Ne6 a5 29. Bxa5 Qxe4 30. Nxc7 1-0

[Event "World Open"]
[Site "Arlington, VA"]
[Date "2013.07.07"]
[Round "8.23"]
[White "Shetty, Atulya"]
[Black "Sarkar, Justin"]
[Result "1/2-1/2"]
[WhiteElo "2320"]
[BlackElo "2451"]
[PlyCount "42"]
[EventDate "2013.07.??"]
[EventType "swiss"]
[EventRounds "9"]
[EventCountry "USA"]

1. c4 g6 2. g3 Bg7 3. Bg2 e5 4. Nc3 Ne7 5. e4 d6 6. Nge2 c5 7. O-O Nbc6 8. a3
a6 9. Rb1 Rb8 10. b4 cxb4 11. axb4 b5 12. cxb5 axb5 13. d3 O-O 14. Be3 Nd4 15.
Qd2 Bg4 16. Bxd4 exd4 17. Nd5 Nxd5 18. exd5 Bxe2 19. Qxe2 Re8 20. Qd2 Rc8 21.
Ra1 Qd7 1/2-1/2

[Event "World Open"]
[Site "Arlington, VA"]
[Date "2013.07.07"]
[Round "8.25"]
[White "Ostrovskiy, Aleksandr"]
[Black "Korley, Kassa"]
[Result "1/2-1/2"]
[WhiteElo "2403"]
[BlackElo "2258"]
[PlyCount "218"]
[EventDate "2013.07.??"]
[EventType "swiss"]
[EventRounds "9"]
[EventCountry "USA"]

1. e4 e5 2. Nf3 Nc6 3. Bb5 Nf6 4. O-O Nxe4 5. d4 Nd6 6. Bxc6 dxc6 7. dxe5 Nf5
8. Qxd8+ Kxd8 9. Nc3 Bd7 10. b3 h6 11. Bb2 b6 12. Rad1 Kc8 13. h3 Ne7 14. Kh2
c5 15. g4 Be6 16. Kg3 Nc6 17. Nd5 a5 18. a4 Kb7 19. c4 g5 20. h4 gxh4+ 21. Nxh4
Rg8 22. Nf6 Rg7 23. f3 Be7 24. Ng2 Rg5 25. f4 Bxf6 26. fxg5 Bxg5 27. Nf4 Bxf4+
28. Rxf4 Rg8 29. Rh1 Rd8 30. Rxh6 Rd3+ 31. Rf3 Rd2 32. Rh2 Rd1 33. Rff2 Rd3+
34. Rf3 Rd1 35. Rg2 Nd4 36. Bxd4 cxd4 37. Kf4 Kc6 38. g5 Kc5 39. Rgg3 Bc8 40.
Rd3 Rf1+ 41. Rdf3 Re1 42. g6 fxg6 43. Rxg6 Bb7 44. Rfg3 Rf1+ 45. Kg5 d3 46. Rf6
Re1 47. Rxd3 Rxe5+ 48. Kf4 Re4+ 49. Kg3 Re7 50. Rf5+ Kb4 51. Kf2 Bc6 52. Rg3
Bd7 53. Rh5 Bc6 54. Rhg5 Be8 55. Rd3 Bc6 56. Rh5 Be8 57. Rh6 Bd7 58. Rf6 Be8
59. Kg3 c6 60. Rf4 Kc5 61. Rf5+ Kb4 62. Rf4 Kc5 63. Rdf3 Bg6 64. Rf6 Bc2 65.
Rh6 Rc7 66. Rc3 Bh7 67. Kf4 Kb4 68. Rhh3 Re7 69. Kg5 Bb1 70. Kf6 Re1 71. c5 b5
72. axb5 Kxb5 73. Rh4 Be4 74. Ke5 Bd5+ 75. Kd6 Re6+ 76. Kd7 Rg6 77. Rf4 Rg7+
78. Kd6 Rg6+ 79. Kd7 Rg7+ 80. Kd6 Rg6+ 81. Ke5 Re6+ 82. Kd4 Re8 83. Rg4 Re7 84.
Rh4 Rg7 85. Rf4 Rg8 86. Ke5 Re8+ 87. Kd6 Rd8+ 88. Ke7 Rh8 89. Rg4 Rh7+ 90. Kd6
Rh6+ 91. Ke5 Rh5+ 92. Kd4 Rh7 93. Rf4 Rh8 94. Ke5 Rh5+ 95. Kf6 Rh8 96. Rd4 Rh6+
97. Kg5 Rh8 98. Kg6 Rg8+ 99. Kf6 Rh8 100. Kg7 Rg8+ 101. Kf6 Rh8 102. Rg4 Rf8+
103. Ke7 Rf7+ 104. Kd6 Rf6+ 105. Ke7 Rf7+ 106. Ke8 Rh7 107. Rf4 Rg7 108. Rh4
Ra7 109. Rd4 Rh7 1/2-1/2

[Event "World Open"]
[Site "Arlington, VA"]
[Date "2013.07.07"]
[Round "8.26"]
[White "Aaron, Deepak"]
[Black "Bodek, Michael"]
[Result "1/2-1/2"]
[WhiteElo "2271"]
[BlackElo "2386"]
[PlyCount "89"]
[EventDate "2013.07.??"]
[EventType "swiss"]
[EventRounds "9"]
[EventCountry "USA"]

1. Nf3 Nf6 2. c4 e6 3. e3 d5 4. b3 Be7 5. Bb2 O-O 6. Be2 c5 7. O-O Nc6 8. cxd5
exd5 9. d4 Ne4 10. dxc5 Bf6 11. Nd4 Re8 12. Nd2 Nxd4 13. exd4 Nxc5 14. Nf3 Bg4
15. h3 Bxf3 16. Bxf3 Ne4 17. Re1 Qd6 18. Bxe4 dxe4 19. Rc1 g6 20. Rc2 Rad8 21.
Rce2 Bxd4 22. Qxd4 Qxd4 23. Bxd4 Rxd4 24. f3 f5 25. fxe4 fxe4 26. Kf2 Kg7 27.
Ke3 Rd3+ 28. Kf2 Kf6 29. Rxe4 Rxe4 30. Rxe4 Rd2+ 31. Re2 Rxe2+ 32. Kxe2 Ke5 33.
Ke3 b6 34. a3 a6 35. g3 h6 36. Kd3 g5 37. Ke3 b5 38. Kd3 Kd5 39. Ke3 Ke5 40.
Kd3 Kd5 41. Ke3 a5 42. Kd3 h5 43. a4 h4 44. gxh4 gxh4 45. axb5 1/2-1/2

[Event "World Open"]
[Site "Arlington, VA"]
[Date "2013.07.07"]
[Round "8.31"]
[White "Boor, Carl"]
[Black "Williams, Justus"]
[Result "1/2-1/2"]
[WhiteElo "2309"]
[BlackElo "2199"]
[PlyCount "102"]
[EventDate "2013.07.??"]
[EventType "swiss"]
[EventRounds "9"]
[EventCountry "USA"]

1. d4 Nf6 2. c4 e6 3. Nc3 Bb4 4. a3 Bxc3+ 5. bxc3 d6 6. e3 O-O 7. Bd3 e5 8. Ne2
Qe7 9. Ng3 c5 10. O-O Nc6 11. f3 b6 12. Rf2 Ba6 13. Nf5 Qd7 14. Qa4 Na5 15.
Qxd7 Nxd7 16. Bb2 Bxc4 17. Be4 d5 18. Bxd5 Bxd5 19. Ne7+ Kh8 20. Nxd5 Rad8 21.
Rd1 Nf6 22. Nxf6 gxf6 23. e4 Nc4 24. d5 f5 25. exf5 f6 26. Bc1 Rf7 27. f4 e4
28. Re2 Re7 29. a4 h5 30. Be3 Red7 31. Bf2 Rxd5 32. Rxd5 Rxd5 33. Rxe4 Rd1+ 34.
Re1 Rxe1+ 35. Bxe1 Nb2 36. a5 bxa5 37. c4 Nxc4 38. Bf2 a4 39. Bxc5 a3 40. Bxa7
a2 41. Bd4 Kg7 42. Kf2 Na3 43. Kg3 Nc2 44. Bb2 a1=Q 45. Bxa1 Nxa1 46. Kh4 Kh6
47. h3 Nc2 48. g4 hxg4 49. hxg4 Ne3 50. g5+ Kg7 51. gxf6+ Kxf6 1/2-1/2

[Event "World Open"]
[Site "Arlington, VA"]
[Date "2013.07.07"]
[Round "8.37"]
[White "Karell, Leif"]
[Black "Colas, Joshua"]
[Result "0-1"]
[WhiteElo "1963"]
[BlackElo "2225"]
[PlyCount "98"]
[EventDate "2013.07.??"]
[EventType "swiss"]
[EventRounds "9"]
[EventCountry "USA"]

1. Nf3 Nf6 2. c4 e6 3. g3 d5 4. Bg2 Be7 5. O-O O-O 6. d4 dxc4 7. Qc2 a6 8. Qxc4
b5 9. Qc2 Bb7 10. Nbd2 Nbd7 11. b3 Rc8 12. Bb2 c5 13. Qd3 h6 14. Rac1 Qa5 15.
Bc3 Qxa2 16. Ra1 c4 17. bxc4 bxc4 18. Qe3 Qc2 19. Rfc1 Qh7 20. Ng5 hxg5 21.
Bxb7 Ng4 22. Qf3 Qxh2+ 23. Kf1 Rc7 24. Bxa6 Qh5 25. Ke1 Qh3 26. Bxc4 Rfc8 27.
Ra8 Nb6 28. Rxc8+ Rxc8 29. Qb7 Qh2 30. Ne4 Rxc4 31. Qxe7 Qh1+ 32. Kd2 Qxe4 33.
Qd8+ Kh7 34. Qxb6 Nxf2 35. Rf1 Qg2 36. Rxf2 Qxf2 37. Qb5 Rxc3 38. Kxc3 Qxg3+
39. Kc2 Qe3 40. Qc4 f5 41. Kd1 g4 42. d5 exd5 43. Qxd5 Qf2 44. Qf7 Qf1+ 45. Kd2
Qf4+ 46. Ke1 Qg5 47. Kf1 Qg6 48. Qe7 Qh5 49. Kg1 g3 0-1

[Event "World Open"]
[Site "Arlington, VA"]
[Date "2013.07.07"]
[Round "9.2"]
[White "Laznicka, Viktor"]
[Black "Akobian, Varuzhan"]
[Result "1/2-1/2"]
[WhiteElo "2684"]
[BlackElo "2612"]
[PlyCount "31"]
[EventDate "2013.07.??"]
[EventType "swiss"]
[EventRounds "9"]
[EventCountry "USA"]
[WhiteClock "0:28:30"]
[BlackClock "0:41:18"]

1. e4 e6 2. Qe2 c5 3. Nf3 Nc6 4. g3 g6 5. Bg2 Bg7 6. d3 d6 7. O-O Nge7 8. c3
O-O 9. Nh4 e5 10. f4 f5 11. Be3 Be6 12. Nd2 Qd7 13. Ndf3 exf4 14. gxf4 h6 15.
a3 Rae8 16. Rae1 1/2-1/2

[Event "World Open"]
[Site "Arlington, VA"]
[Date "2013.07.07"]
[Round "9.3"]
[White "Yuniesky, Quesada"]
[Black "Holt, Conrad"]
[Result "1/2-1/2"]
[WhiteElo "2639"]
[BlackElo "2531"]
[PlyCount "80"]
[EventDate "2013.07.??"]
[EventType "swiss"]
[EventRounds "9"]
[EventCountry "USA"]
[WhiteClock "0:35:27"]
[BlackClock "0:50:41"]

1. e4 e6 2. d4 d5 3. Nc3 Bb4 4. exd5 exd5 5. Bd3 Nf6 6. Nge2 O-O 7. O-O Re8 8.
Bg5 c6 9. Ng3 h6 10. Bf4 Nbd7 11. a3 Ba5 12. Nf5 Bc7 13. Qf3 Bxf4 14. Qxf4 Nf8
15. Rfe1 Bxf5 16. Bxf5 Qb6 17. Rxe8 Rxe8 18. b3 Ne6 19. Bxe6 Rxe6 20. Qd2 Ne4
21. Nxe4 Rxe4 22. Rd1 Qa6 23. a4 Qe2 24. h3 Re6 25. Kh2 f5 26. Kg1 f4 27. c4 f3
28. cxd5 cxd5 29. Qxe2 fxe2 30. Re1 Kf7 31. f3 Re3 32. Kf2 Rxb3 33. Rxe2 Rb4
34. a5 a6 35. Rc2 Rxd4 36. Rc7+ Kg8 37. Rxb7 Ra4 38. Rb8+ Kh7 39. h4 Rxa5 40.
Rb6 h5 1/2-1/2

[Event "World Open"]
[Site "Arlington, VA"]
[Date "2013.07.07"]
[Round "9.4"]
[White "Erenburg, Sergey"]
[Black "Negi, Parimarjan"]
[Result "1/2-1/2"]
[WhiteElo "2615"]
[BlackElo "2634"]
[PlyCount "48"]
[EventDate "2013.07.??"]
[EventType "swiss"]
[EventRounds "9"]
[EventCountry "USA"]
[WhiteClock "0:05:36"]
[BlackClock "0:19:04"]

1. e4 e5 2. Nf3 Nc6 3. Bb5 Nf6 4. d3 Bc5 5. Bxc6 dxc6 6. Nbd2 O-O 7. Nc4 Ng4 8.
O-O f5 9. Bg5 Qe8 10. exf5 e4 11. dxe4 Qxe4 12. Qd3 Qxd3 13. cxd3 Bxf5 14. d4
Bb6 15. Rfe1 Nf6 16. Bxf6 gxf6 17. Re7 Rf7 18. Rae1 Rxe7 19. Rxe7 Kf8 20. Re1
Kf7 21. a3 Be6 22. Nxb6 axb6 23. Re3 Ra4 24. Rc3 Bd5 1/2-1/2

[Event "World Open"]
[Site "Arlington, VA"]
[Date "2013.07.07"]
[Round "9.6"]
[White "Ramirez, Alejandro"]
[Black "Shankland, Sam"]
[Result "1-0"]
[WhiteElo "2583"]
[BlackElo "2601"]
[PlyCount "61"]
[EventDate "2013.07.??"]
[EventType "swiss"]
[EventRounds "9"]
[EventCountry "USA"]

1. Nf3 d5 2. c4 d4 3. e3 Nc6 4. exd4 Nxd4 5. Nxd4 Qxd4 6. d3 Nh6 7. Be2 g6 8.
Bd2 Qd6 9. Bc3 e5 10. d4 Be6 11. Nd2 O-O-O 12. dxe5 Qc5 13. Qa4 Bd7 14. Qb3 Bc6
15. Nf3 Be7 16. O-O Ng4 17. a3 Rhe8 18. h3 Nh6 19. Bb4 Qb6 20. Qc3 Be4 21. Bxe7
Rxe7 22. Ng5 Qc6 23. Nxe4 Qxe4 24. Bf3 Qxe5 25. Bxb7+ Kb8 26. Qb3 Qc5 27. Rad1
Rd6 28. Bf3+ Qb6 29. Qc3 c5 30. Rxd6 Qxd6 31. Rd1 1-0

[Event "World Open"]
[Site "Arlington, VA"]
[Date "2013.07.07"]
[Round "9.8"]
[White "Robson, Ray"]
[Black "Arnold, Marc"]
[Result "1/2-1/2"]
[WhiteElo "2628"]
[BlackElo "2525"]
[PlyCount "84"]
[EventDate "2013.07.??"]
[EventType "swiss"]
[EventRounds "9"]
[EventCountry "USA"]

1. e4 c5 2. Nf3 e6 3. d4 cxd4 4. Nxd4 a6 5. Bd3 Nf6 6. O-O Qc7 7. Qe2 d6 8. c4
Nbd7 9. b3 g6 10. Bb2 Bg7 11. Nd2 O-O 12. Rac1 b6 13. h3 Bb7 14. Qe3 Rfe8 15.
Rfe1 Rad8 16. Ba1 Qb8 17. N4f3 a5 18. a3 Nh5 19. Bxg7 Kxg7 20. b4 axb4 21. axb4
Nhf6 22. Nd4 Ne5 23. Bf1 Nc6 24. Nxc6 Bxc6 25. Ra1 Qc7 26. Ra6 Nd7 27. Nb3 e5
28. Rd1 Ra8 29. Rxa8 Bxa8 30. Qd3 Re6 31. Ra1 Bb7 32. Nd2 Nb8 33. Nb3 Nc6 34.
Qd2 Re8 35. Rd1 Rd8 36. Be2 Ne7 37. Qe3 Ra8 38. c5 bxc5 39. bxc5 d5 40. exd5
Nxd5 41. Qd2 Nf4 42. Bf1 Bd5 1/2-1/2